Cloud brokers
Rozvíjajúci sa trend cloud computing podnecuje k čoraz väčšiemu množstvu poskytovaných cloudových služieb na internete. Vzhľadom na ich množstvo a rôznorodosť, prípadne rôzny stupeň obtiažnosti vzniká medzi poskytovateľom a spotrebiteľom služby priestor pre sprostredkovateľa (cloud brokera), ktorý d...
Saved in:
| Main Author: | |
|---|---|
| Format: | Book Chapter |
| Language: | Slovak |
| Subjects: | |
| Tags: |
No Tags, Be the first to tag this record!
|
MARC
| LEADER | 00000nla a2200000 4500 | ||
|---|---|---|---|
| 001 | 0193636 | ||
| 005 | 20240502073236.5 | ||
| 041 | 0 | |a slo | |
| 044 | |a SK | ||
| 245 | 1 | 0 | |a Cloud brokers |c Peter Červenka |
| 520 | |a Rozvíjajúci sa trend cloud computing podnecuje k čoraz väčšiemu množstvu poskytovaných cloudových služieb na internete. Vzhľadom na ich množstvo a rôznorodosť, prípadne rôzny stupeň obtiažnosti vzniká medzi poskytovateľom a spotrebiteľom služby priestor pre sprostredkovateľa (cloud brokera), ktorý dokáže plniť úlohu správneho výberu a nastavenia cloudových aplikácii od rôznych poskytovateľov tak, aby čo najlepšie vyhovovali potrebám koncového spotrebiteľa. | ||
| 610 | 2 | 0 | |a cloud computing |
| 610 | 2 | 0 | |a sprostredkovatelia |
| 610 | 2 | 0 | |a služby |
| 610 | 2 | 0 | |a internet |
| 100 | 1 | |a Červenka, Peter, 1976- | |